[Event "17th EUR-ch"]
[Site "Gjakova KOS"]
[Date "2016.05.16"]
[Round "5.42"]
[White "Esen, Baris"]
[Black "Oleksiyenko, Mykhaylo"]
[Result "1/2-1/2"]
[WhiteElo "2508"]
[BlackElo "2622"]
[EventDate "2016.05.12"]
[PlyCount "22"]

1.d4 Nf6 2.c4 g6 3.Nc3 Bg7 4.e4 d6 5.Bg5 c5 6.d5 h6 7.Bf4 Qb6 8.Qc1 e5 9.
Bd2 Nh5 10.g3 f5 11.Bd3 Na6 1/2-1/2

[Event "17th EUR-ch"]
[Site "Gjakova KOS"]
[Date "2016.05.16"]
[Round "5.43"]
[White "Gabuzian, Hovhannes"]
[Black "Druska, Juraj"]
[Result "1/2-1/2"]
[WhiteElo "2620"]
[BlackElo "2466"]
[EventDate "2016.05.12"]
[PlyCount "114"]

1.e4 c5 2.Nf3 d6 3.d4 cxd4 4.Nxd4 Nf6 5.Nc3 Bd7 6.h3 Nc6 7.g4 h6 8.Be3 g5 
9.Qd2 h5 10.O-O-O hxg4 11.Bxg5 Bg7 12.Kb1 Qa5 13.Nb3 Qe5 14.Bg2 O-O-O 15.
hxg4 Bxg4 16.Bf4 Qe6 17.f3 Bh3 18.Nb5 Bxg2 19.Qxg2 Rxh1 20.Rxh1 Rh8 21.Rg1
Rh7 22.Qf2 a6 23.Na7+ Nxa7 24.Qxa7 Nd7 25.Be3 Qc4 26.e5 Nxe5 27.Bb6 Nc6 
28.Qa8+ Nb8 29.Na5 Qd5 30.Ba7 Qxa5 31.Qxb8+ Kd7 32.Qxb7+ Qc7 33.Qxa6 Qc6 
34.Qd3 Qb7 35.Bd4 Bxd4 36.Qxd4 Rh6 37.Re1 Re6 38.Rxe6 Kxe6 39.Qe3+ Kd7 40.
c4 f5 41.Qd3 Ke6 42.a4 Qa8 43.Qb3 Kd7 44.Qb5+ Kc7 45.Qb3 e5 46.Ka2 Qa7 47.
Kb1 e4 48.fxe4 fxe4 49.Qc2 Qd4 50.Qe2 Kb6 51.Kc2 d5 52.b3 dxc4 53.Qxc4 
Qf2+ 54.Kd1 Qf3+ 55.Kd2 Qf2+ 56.Qe2 Qd4+ 57.Kc2 Qc5+ 1/2-1/2

[Event "17th EUR-ch"]
[Site "Gjakova KOS"]
[Date "2016.05.16"]
[Round "5.44"]
[White "Haznedaroglu, Kivanc"]
[Black "Bok, Benjamin"]
[Result "1/2-1/2"]
[WhiteElo "2494"]
[BlackElo "2614"]
[EventDate "2016.05.12"]
[PlyCount "167"]

1.d4 Nf6 2.c4 e6 3.Nf3 d5 4.Nc3 c6 5.e3 Nbd7 6.b3 Ne4 7.Nxe4 dxe4 8.Nd2 f5
9.Bb2 Bd6 10.Qc2 O-O 11.O-O-O Qe7 12.f3 exf3 13.Nxf3 Ba3 14.Bd3 a5 15.Bxa3
Qxa3+ 16.Qb2 Qe7 17.e4 a4 18.b4 a3 19.Qc3 e5 20.Rhe1 exd4 21.exf5 Ne5 22.
Qxd4 Nxf3 23.gxf3 Qxb4 24.Re5 Bd7 25.Rg1 Rf7 26.f6 Qb2+ 27.Qxb2 axb2+ 28.
Kxb2 g6 29.h4 Rxf6 30.h5 Rxf3 31.Bc2 Kf7 32.hxg6+ hxg6 33.Rxg6 Rfa3 34.Rd6
Rxa2+ 35.Kc3 R2a3+ 36.Bb3 Be8 37.c5+ Kf8 38.Rf6+ Kg7 39.Rf4 Bg6 40.Rg4 
Rxb3+ 41.Kxb3 Kf6 42.Re3 Ra5 43.Rc3 Bf5 44.Rb4 Bc8 45.Kc4 Ke7 46.Re3+ Kd8 
47.Rb2 Ra4+ 48.Kc3 Rh4 49.Rg2 Rh7 50.Rg8+ Kc7 51.Rge8 Rh5 52.R8e7+ Kd8 53.
R7e5 Rh1 54.Re8+ Kc7 55.R8e7+ Kb8 56.Rf7 Rh3 57.Rxh3 Bxh3 58.Kb4 Bg4 59.
Rf2 Be6 60.Re2 Bh3 61.Re1 Bg4 62.Kc4 Kc7 63.Kd4 b5 64.Re7+ Kd8 65.Rg7 Bf3 
66.Kc3 Bd5 67.Kb4 Kc8 68.Ka5 Kd8 69.Rg6 Kc7 70.Rd6 Bc4 71.Rd4 Kb7 72.Kb4 
Bd5 73.Rd1 Ka6 74.Kc3 Kb7 75.Ra1 Kb8 76.Ra6 Kb7 77.Rb6+ Kc7 78.Kd4 Kc8 79.
Ke5 Kc7 80.Kf5 Kc8 81.Kf6 Kd7 82.Ke5 Kc7 83.Kf5 Kd8 84.Ke5 1/2-1/2

[Event "17th EUR-ch"]
[Site "Gjakova KOS"]
[Date "2016.05.16"]
[Round "5.45"]
[White "Ter-Sahakian, Samvel"]
[Black "Valsecchi, Alessio"]
[Result "1-0"]
[WhiteElo "2601"]
[BlackElo "2494"]
[EventDate "2016.05.12"]
[PlyCount "51"]

1.e4 c5 2.Nf3 d6 3.Bb5+ Nd7 4.O-O Nf6 5.Re1 a6 6.Bf1 e5 7.c3 Be7 8.d4 O-O 
9.a4 Re8 10.d5 Nf8 11.a5 Ng6 12.Nbd2 Nf4 13.Nc4 Rb8 14.Nb6 Bd7 15.b4 cxb4 
16.cxb4 Bg4 17.h3 Bxf3 18.Qxf3 Nd7 19.Nc4 Rc8 20.Be3 Bf8 21.Rac1 Qf6 22.
Qg4 Red8 23.g3 h5 24.Qd1 Qg6 25.Kh2 Nf6 26.Qf3 1-0

[Event "17th EUR-ch"]
[Site "Gjakova KOS"]
[Date "2016.05.16"]
[Round "5.46"]
[White "Godena, Michele"]
[Black "Hracek, Zbynek"]
[Result "1/2-1/2"]
[WhiteElo "2493"]
[BlackElo "2598"]
[EventDate "2016.05.12"]
[PlyCount "32"]

1.e4 g6 2.d4 Bg7 3.c3 d6 4.Nf3 Nf6 5.Bd3 O-O 6.O-O Nbd7 7.e5 dxe5 8.dxe5 
Ng4 9.e6 fxe6 10.Qe2 Nde5 11.Nxe5 Nxe5 12.Bc2 Bd7 13.Bb3 c5 14.Na3 Qc7 15.
f4 Nf7 16.Bxe6 Rad8 1/2-1/2

[Event "17th EUR-ch"]
[Site "Gjakova KOS"]
[Date "2016.05.16"]
[Round "5.47"]
[White "Sanal, Vahap"]
[Black "Kunin, Vitaly"]
[Result "0-1"]
[WhiteElo "2465"]
[BlackElo "2595"]
[EventDate "2016.05.12"]
[PlyCount "82"]

1.e4 d6 2.d4 Nf6 3.Bd3 e5 4.c3 g6 5.Nf3 Nbd7 6.O-O Bg7 7.Be3 O-O 8.Nbd2 b6
9.Re1 Bb7 10.Qc2 Re8 11.a4 a6 12.h3 Qe7 13.a5 b5 14.b4 c5 15.dxc5 dxc5 16.
c4 bxc4 17.Bxc4 cxb4 18.Rab1 h6 19.Nh4 Kh7 20.Qb3 Nxe4 21.Bxf7 Qxh4 22.
Qxb4 Reb8 23.Qc4 Qf6 24.Rxb7 Nxd2 25.Qd5 Rxb7 26.Qxb7 Rd8 27.Bd5 Qd6 28.
Rd1 Nc5 29.Qa7 Qxd5 30.Rxd2 Nd3 31.Qxa6 e4 32.Qb6 Rd6 33.Qb8 Rc6 34.Rd1 
Qxa5 35.Rb1 Qe5 36.Qa8 Rc7 37.Qa2 h5 38.h4 Rd7 39.Qa4 Qf5 40.Rb8 Ne5 41.
Rb4 Ng4 0-1

[Event "17th EUR-ch"]
[Site "Gjakova KOS"]
[Date "2016.05.16"]
[Round "5.48"]
[White "Alexandrov, Alexei"]
[Black "Yilmazyerli, Mert"]
[Result "1/2-1/2"]
[WhiteElo "2592"]
[BlackElo "2426"]
[EventDate "2016.05.12"]
[PlyCount "47"]

1.d4 g6 2.e4 Bg7 3.c4 d6 4.Nc3 e5 5.dxe5 dxe5 6.Qxd8+ Kxd8 7.Nf3 f6 8.Be3 
Be6 9.O-O-O+ Nd7 10.Ne1 Bh6 11.Nc2 c6 12.g3 Bxe3+ 13.Nxe3 Nh6 14.f4 Ke7 
15.Be2 Bh3 16.b4 a5 17.a3 axb4 18.axb4 Be6 19.Kb2 Nb6 20.Ra1 Rhd8 21.Rxa8 
Rxa8 22.fxe5 fxe5 23.Ra1 Rxa1 24.Kxa1 1/2-1/2

[Event "17th EUR-ch"]
[Site "Gjakova KOS"]
[Date "2016.05.16"]
[Round "5.49"]
[White "Draskovic, Luka"]
[Black "Kozul, Zdenko"]
[Result "0-1"]
[WhiteElo "2454"]
[BlackElo "2591"]
[EventDate "2016.05.12"]
[PlyCount "92"]

1.e4 c5 2.Nf3 d6 3.d4 cxd4 4.Nxd4 Nf6 5.Nc3 a6 6.Be3 e6 7.Be2 Nbd7 8.f4 
Qc7 9.O-O b5 10.a3 Bb7 11.Bd3 g6 12.h3 Bg7 13.Qd2 O-O 14.Rae1 Nc5 15.Bf2 
e5 16.fxe5 dxe5 17.Nb3 Nxb3 18.cxb3 Nh5 19.Rc1 Qd7 20.Rfd1 Nf4 21.Bf1 Qxd2
22.Rxd2 Ne6 23.Rd6 Rfc8 24.Rcd1 Bf8 25.Rb6 Bc6 26.a4 Nd4 27.Bxd4 exd4 28.
Nd5 d3 29.b4 Bxd5 30.exd5 Bxb4 31.Rc6 d2 32.axb5 axb5 33.Rxc8+ Rxc8 34.
Bxb5 Rc5 35.Bc6 Kf8 36.Kf1 Ke7 37.Ke2 Kd6 38.Rf1 f5 39.Rd1 Rc1 40.Ba4 Kxd5
41.Kd3 Ke5 42.Ke3 Rc4 43.Bb5 Re4+ 44.Kf3 Re1 45.Ba4 g5 46.Bc2 h5 0-1

[Event "17th EUR-ch"]
[Site "Gjakova KOS"]
[Date "2016.05.16"]
[Round "5.50"]
[White "Demchenko, Anton"]
[Black "Getz, Nicolai"]
[Result "1-0"]
[WhiteElo "2589"]
[BlackElo "2431"]
[EventDate "2016.05.12"]
[PlyCount "77"]

1.e4 e5 2.Nf3 Nc6 3.Bc4 Bc5 4.c3 Nf6 5.d3 O-O 6.O-O d5 7.exd5 Nxd5 8.a4 
Bf5 9.Re1 Nf6 10.b4 Bd6 11.Bg5 h6 12.Bxf6 Qxf6 13.Nbd2 a5 14.b5 Nb8 15.Bd5
Bxd3 16.Bxb7 Ra7 17.Ne4 Bxe4 18.Bxe4 Nd7 19.Qc2 g6 20.Rad1 Kg7 21.Bc6 Nb6 
22.c4 Bb4 23.Rxe5 Nc8 24.Re2 Ne7 25.Be4 Bc5 26.Nd2 Nf5 27.Bxf5 gxf5 28.Nb3
Bb4 29.g3 f4 30.Re4 fxg3 31.hxg3 Raa8 32.Rf4 Qg6 33.Qe2 Rae8 34.Qf3 Qc2 
35.Rd7 Re7 36.Rxe7 Bxe7 37.Nd4 Qb1+ 38.Kg2 Bc5 39.Nf5+ 1-0

[Event "17th EUR-ch"]
[Site "Gjakova KOS"]
[Date "2016.05.17"]
[Round "6.1"]
[White "Wojtaszek, Radoslaw"]
[Black "Navara, David"]
[Result "1/2-1/2"]
[WhiteElo "2722"]
[BlackElo "2735"]
[EventDate "2016.05.12"]
[PlyCount "47"]

1.Nf3 d5 2.d4 Nf6 3.c4 c6 4.Nc3 e6 5.Bg5 Nbd7 6.e3 Qa5 7.Nd2 Bb4 8.Rc1 Ne4
9.Ncxe4 dxe4 10.Bh4 Qxa2 11.Be2 Qxb2 12.Rc2 Bxd2+ 13.Qxd2 Qa3 14.O-O O-O 
15.c5 b5 16.cxb6 axb6 17.Rxc6 Ba6 18.Bxa6 Qxa6 19.Qc2 Qd3 20.Qxd3 exd3 21.
Rc3 Rfc8 22.Rxd3 Rc2 23.Rb3 h6 24.h3 1/2-1/2

[Event "17th EUR-ch"]
[Site "Gjakova KOS"]
[Date "2016.05.17"]
[Round "6.2"]
[White "Jobava, Baadur"]
[Black "Inarkiev, Ernesto"]
[Result "1/2-1/2"]
[WhiteElo "2661"]
[BlackElo "2686"]
[EventDate "2016.05.12"]
[PlyCount "38"]

1.e4 e5 2.Nf3 Nc6 3.c3 d5 4.d3 Nf6 5.Nbd2 a5 6.exd5 Nxd5 7.g3 g6 8.Bg2 Bg7
9.O-O O-O 10.a4 Nb6 11.Nb3 Bf5 12.Ne1 Nd5 13.Kh1 b6 14.f4 Qd7 15.fxe5 Nxe5
16.d4 Ng4 17.Qf3 Rae8 18.Qxd5 Nf2+ 19.Kg1 Nh3+ 1/2-1/2

[Event "17th EUR-ch"]
[Site "Gjakova KOS"]
[Date "2016.05.17"]
[Round "6.3"]
[White "Saric, Ivan"]
[Black "Matlakov, Maxim"]
[Result "1-0"]
[WhiteElo "2650"]
[BlackElo "2693"]
[EventDate "2016.05.12"]
[PlyCount "95"]

1.e4 e5 2.Nf3 Nc6 3.Bb5 a6 4.Ba4 Nf6 5.O-O Be7 6.Re1 b5 7.Bb3 O-O 8.c3 d5 
9.exd5 Nxd5 10.Nxe5 Nxe5 11.Rxe5 c6 12.d3 Bd6 13.Re1 Bf5 14.Qf3 Re8 15.
Rxe8+ Qxe8 16.Nd2 Qe1+ 17.Nf1 Bg6 18.g3 b4 19.c4 Nf6 20.Qxc6 Rd8 21.Qb6 
Rd7 22.Bc2 Ng4 23.Rb1 Qe2 24.Bd2 Ne5 25.Qe3 Qh5 26.Bd1 Qf5 27.Be2 f6 28.b3
Bc5 29.Qf4 Qxf4 30.Bxf4 Nxd3 31.Bxd3 Rxd3 32.Re1 Kf7 33.Be3 Bd6 34.Bb6 Be5
35.Bc5 a5 36.f4 Bd6 37.Bxd6 Rxd6 38.Ne3 Be4 39.c5 Rc6 40.Nc4 Bd5 41.Nd6+ 
Kg6 42.Rc1 a4 43.Nb5 axb3 44.axb3 Rc8 45.Nd4 Kf7 46.Kf2 Ke7 47.Ke3 Kd7 48.
Kd3 1-0

[Event "17th EUR-ch"]
[Site "Gjakova KOS"]
[Date "2016.05.17"]
[Round "6.5"]
[White "Nabaty, Tamir"]
[Black "Fressinet, Laurent"]
[Result "1/2-1/2"]
[WhiteElo "2619"]
[BlackElo "2692"]
[EventDate "2016.05.12"]
[PlyCount "39"]

1.d4 Nf6 2.c4 e6 3.Nf3 d5 4.g3 Be7 5.Bg2 O-O 6.O-O dxc4 7.Qc2 b6 8.Nbd2 
Bb7 9.Nxc4 Be4 10.Qb3 Nc6 11.Bf4 Nd5 12.Rfd1 Ncb4 13.Ne1 Nxf4 14.gxf4 Qd5 
15.a3 Bxg2 16.Nxg2 Nc6 17.Qc3 Bf6 18.Ne5 Ne7 19.Rac1 Rac8 20.Qc4 1/2-1/2

[Event "17th EUR-ch"]
[Site "Gjakova KOS"]
[Date "2016.05.17"]
[Round "6.6"]
[White "Cheparinov, Ivan"]
[Black "Goganov, Aleksey"]
[Result "1/2-1/2"]
[WhiteElo "2685"]
[BlackElo "2600"]
[EventDate "2016.05.12"]
[PlyCount "65"]

1.d4 d5 2.c4 e6 3.Nf3 Nf6 4.Nc3 Nbd7 5.Qc2 c6 6.e3 Bd6 7.Be2 dxc4 8.Bxc4 
O-O 9.O-O e5 10.h3 h6 11.Rd1 Qc7 12.a3 Re8 13.Ba2 exd4 14.exd4 Nf8 15.d5 
Nxd5 16.Nxd5 cxd5 17.Qxc7 Bxc7 18.Bxd5 Bb6 19.Bd2 Ne6 20.Rac1 Nc7 21.Bc4 
Be6 22.a4 a5 23.Bf4 Rac8 24.Ne5 Bc5 25.Bg3 b6 26.Kf1 Bxc4+ 27.Nxc4 Ne6 28.
Bd6 Bd4 29.Ba3 Red8 30.b3 Rc6 31.Rc2 Rb8 32.Rcd2 Bc5 33.Bxc5 1/2-1/2

[Event "17th EUR-ch"]
[Site "Gjakova KOS"]
[Date "2016.05.17"]
[Round "6.7"]
[White "Parligras, Mircea-Emilian"]
[Black "Kovalenko, Igor"]
[Result "0-1"]
[WhiteElo "2599"]
[BlackElo "2644"]
[EventDate "2016.05.12"]
[PlyCount "142"]

1.d4 Nf6 2.c4 e6 3.Nc3 d5 4.cxd5 exd5 5.Bg5 c6 6.e3 Bf5 7.Qf3 Bg6 8.Bxf6 
Qxf6 9.Qxf6 gxf6 10.Nf3 Nd7 11.Nh4 Be7 12.Ne2 f5 13.Nf3 Nf6 14.a3 Bd6 15.
g3 Ke7 16.Nh4 Ng4 17.Ng2 a5 18.f3 Nf6 19.Nef4 Ne8 20.Bd3 Bc7 21.Rc1 a4 22.
Kf2 Ra5 23.h4 h5 24.g4 Ng7 25.g5 Rd8 26.Rc2 Bd6 27.Rhc1 Kf8 28.Be2 Re8 29.
Rd2 Re7 30.Nd3 Ra8 31.f4 Ne8 32.Nge1 Bc7 33.Ne5 Nd6 34.Rdc2 Kg7 35.N1d3 
Ne4+ 36.Kf3 f6 37.gxf6+ Nxf6 38.Nc5 Ng4 39.Bd1 Bxe5 40.dxe5 b6 41.Nd3 c5 
42.Nf2 Be8 43.Rc3 Bc6 44.Kg3 Rd8 45.Bc2 Nh6 46.Rd1 Kf8 47.Nh3 Red7 48.Ng5 
Ke7 49.Rcd3 Ng4 50.Rc3 Nh6 51.Rcd3 Rb8 52.R1d2 b5 53.Rc3 c4 54.Bd1 Rdb7 
55.Bxh5 b4 56.axb4 Rxb4 57.Rcc2 Rb3 58.Kf2 c3 59.bxc3 a3 60.Ra2 Rb2 61.Ke1
R8b3 62.Bd1 Rb1 63.Rdc2 Ng4 64.Kd2 Ba4 65.Bxg4 fxg4 66.f5 R3b2 67.f6+ Ke8 
68.Rcxb2 Rxb2+ 69.Ke1 Rxa2 70.e6 g3 71.f7+ Ke7 0-1

[Event "17th EUR-ch"]
[Site "Gjakova KOS"]
[Date "2016.05.17"]
[Round "6.8"]
[White "Ponomariov, Ruslan"]
[Black "Yilmaz, Mustafa"]
[Result "1-0"]
[WhiteElo "2715"]
[BlackElo "2603"]
[EventDate "2016.05.12"]
[PlyCount "95"]

1.e4 c5 2.Nf3 d6 3.d4 cxd4 4.Nxd4 Nf6 5.Nc3 a6 6.Be3 e5 7.Nb3 Be6 8.Qd2 
Nbd7 9.h3 b5 10.a3 Rc8 11.g4 Nb6 12.g5 Nfd7 13.Na5 Qc7 14.Bg2 Be7 15.O-O-O
O-O 16.Kb1 Nc4 17.Nxc4 Bxc4 18.Bf1 Be6 19.h4 Nb6 20.h5 Nc4 21.Bxc4 Qxc4 
22.g6 a5 23.Nd5 Bxd5 24.exd5 b4 25.b3 Qe4 26.Qd3 Qxd3 27.Rxd3 f5 28.Bb6 
Ra8 29.c4 Rfb8 30.c5 e4 31.Rg3 h6 32.Bc7 Rb5 33.cxd6 Bd8 34.Rgg1 Kf8 35.a4
Rxd5 36.Rd1 Rc5 37.Rc1 Rd5 38.Rhd1 Rxd1 39.Rxd1 Bxc7 40.dxc7 Ke7 41.Rd5 
Rc8 42.Rxf5 Rxc7 43.Rxa5 Rc3 44.Kb2 Ke6 45.Rb5 Rf3 46.Rxb4 Rxf2+ 47.Kc3 
Ke5 48.Rb7 1-0

[Event "17th EUR-ch"]
[Site "Gjakova KOS"]
[Date "2016.05.17"]
[Round "6.9"]
[White "Vallejo Pons, Francisco"]
[Black "Khismatullin, Denis"]
[Result "1-0"]
[WhiteElo "2700"]
[BlackElo "2609"]
[EventDate "2016.05.12"]
[PlyCount "81"]

1.Nf3 Nf6 2.g3 b6 3.Bg2 Bb7 4.O-O g6 5.d4 c5 6.c4 cxd4 7.Qxd4 Bg7 8.Nc3 d6
9.Rd1 Nbd7 10.Be3 Rc8 11.Rac1 a6 12.b3 O-O 13.Qh4 Re8 14.Bh3 Rc7 15.g4 Qa8
16.g5 Ne4 17.Na4 Nec5 18.Bxc5 bxc5 19.Bxd7 Rxd7 20.Nxc5 Rc7 21.Nxb7 Qxb7 
22.Rd5 Qxd5 23.cxd5 Rxc1+ 24.Kg2 Ra8 25.Qb4 Rcc8 26.Qb7 Kf8 27.Nd2 Bd4 28.
Nc4 a5 29.e3 Rcb8 30.Qc7 Rc8 31.Qd7 Bc5 32.Nxa5 Rd8 33.Qb5 Rdc8 34.a4 Bxe3
35.Nc6 Bd2 36.b4 Bxg5 37.a5 e6 38.dxe6 fxe6 39.Qb7 d5 40.b5 Bd8 41.a6 1-0

[Event "17th EUR-ch"]
[Site "Gjakova KOS"]
[Date "2016.05.17"]
[Round "6.10"]
[White "Ragger, Markus"]
[Black "Ter-Sahakian, Samvel"]
[Result "0-1"]
[WhiteElo "2696"]
[BlackElo "2601"]
[EventDate "2016.05.12"]
[PlyCount "128"]

1.d4 d5 2.c4 c6 3.Nf3 Nf6 4.e3 Bg4 5.h3 Bh5 6.Nc3 e6 7.Qb3 Qc7 8.Bd2 Nbd7 
9.Rc1 dxc4 10.Bxc4 Be7 11.e4 Nb6 12.Bd3 Bxf3 13.gxf3 Nh5 14.Ne2 O-O 15.a4 
Nd7 16.f4 Qb6 17.Bc4 g6 18.a5 Qxb3 19.Bxb3 a6 20.Rg1 Rfd8 21.Bc3 Rac8 22.
Kd2 c5 23.Ke3 cxd4+ 24.Bxd4 Bb4 25.Rxc8 Rxc8 26.f5 exf5 27.exf5 Kf8 28.
fxg6 hxg6 29.Bd5 Re8+ 30.Kd3 Rxe2 31.Kxe2 Nf4+ 32.Kf3 Nxd5 33.Rd1 Ke8 34.
Ra1 Ne7 35.Ke4 Nc5+ 36.Bxc5 Bxc5 37.f4 Bd6 38.h4 Kd7 39.Kf3 Ke6 40.Rh1 Bb4
41.h5 gxh5 42.Rxh5 Nc6 43.Ke4 Bxa5 44.Rh6+ Ke7 45.f5 Bb4 46.Kd5 a5 47.f6+ 
Kd7 48.Rh7 Nd8 49.Rh2 Bd6 50.Rh7 b6 51.Rg7 Bc5 52.Rh7 Bf2 53.Rh2 Be3 54.
Rh3 Bf4 55.Rh7 Bd6 56.Rg7 b5 57.Ke4 a4 58.Rg5 Kc6 59.Rg8 Bc7 60.Kd3 Nb7 
61.Rf8 Nd6 62.Kd4 Bb6+ 63.Ke5 Bc5 64.Kf4 Kd5 0-1

[Event "17th EUR-ch"]
[Site "Gjakova KOS"]
[Date "2016.05.17"]
[Round "6.11"]
[White "Piorun, Kacper"]
[Black "Andriasian, Zaven"]
[Result "1/2-1/2"]
[WhiteElo "2681"]
[BlackElo "2602"]
[EventDate "2016.05.12"]
[PlyCount "23"]

1.e4 e5 2.Nf3 Nc6 3.Bc4 Bc5 4.d3 Nf6 5.O-O O-O 6.Nbd2 h6 7.c3 d6 8.h3 a6 
9.Bb3 Be6 10.Re1 Re8 11.Nf1 d5 12.Ng3 1/2-1/2

[Event "17th EUR-ch"]
[Site "Gjakova KOS"]
[Date "2016.05.17"]
[Round "6.12"]
[White "Kunin, Vitaly"]
[Black "Korobov, Anton"]
[Result "1/2-1/2"]
[WhiteElo "2595"]
[BlackElo "2674"]
[EventDate "2016.05.12"]
[PlyCount "117"]

1.Nf3 Nf6 2.c4 e6 3.g3 d5 4.Bg2 d4 5.O-O c5 6.e3 Nc6 7.exd4 cxd4 8.d3 Be7 
9.Na3 O-O 10.Nc2 a5 11.Re1 Ne8 12.Ne5 Nxe5 13.Rxe5 f6 14.Re1 Nc7 15.Bd2 
Na6 16.Qh5 Nc5 17.b4 axb4 18.Bxb4 g6 19.Qe2 Re8 20.h4 Kg7 21.f4 Bf8 22.a3 
Ra7 23.Rad1 b6 24.Qf2 e5 25.fxe5 fxe5 26.Bd5 h5 27.Rf1 Bh3 28.Bg2 Bg4 29.
Bf3 Bh3 30.Bg2 Bf5 31.Ne1 Bd6 32.Qe2 e4 33.dxe4 Bg4 34.Nf3 Bxg3 35.Qb2 Rd7
36.Rxd4 Rxd4 37.Bc3 Bxf3 38.Bxd4+ Kg8 39.Rxf3 Bxh4 40.Rf1 Rf8 41.Rxf8+ 
Kxf8 42.Be3 Bf6 43.e5 Qd1+ 44.Bf1 Qg4+ 45.Bg2 Bg5 46.Bxg5 Qxg5 47.Qd4 Kg7 
48.Kh1 Kh7 49.a4 Qe7 50.Bc6 Qe6 51.Qd6 Qh3+ 52.Kg1 Qg3+ 53.Kh1 Qh4+ 54.Kg2
Qg4+ 55.Kh1 Qxc4 56.Qe7+ Kg8 57.Qd8+ Kg7 58.Qf6+ Kh7 59.Qe7+ 1/2-1/2

[Event "17th EUR-ch"]
[Site "Gjakova KOS"]
[Date "2016.05.17"]
[Round "6.14"]
[White "Swiercz, Dariusz"]
[Black "Antipov, Mikhail"]
[Result "1/2-1/2"]
[WhiteElo "2656"]
[BlackElo "2576"]
[EventDate "2016.05.12"]
[PlyCount "55"]

1.e4 c5 2.Nf3 Nc6 3.Bb5 d6 4.O-O Bd7 5.Re1 Nf6 6.c3 a6 7.Bf1 Bg4 8.d4 cxd4
9.cxd4 e5 10.d5 Nd4 11.Be3 Nxf3+ 12.gxf3 Bd7 13.Nd2 b5 14.a4 Be7 15.axb5 
axb5 16.Qb3 O-O 17.Rec1 Rxa1 18.Rxa1 Nh5 19.Bxb5 Bxb5 20.Qxb5 Bg5 21.Kh1 
Bf4 22.Qf1 g6 23.Nc4 Qe7 24.b4 Rb8 25.Rb1 Qh4 26.Qg1 Rc8 27.Rc1 Nf6 28.Kg2
1/2-1/2

[Event "17th EUR-ch"]
[Site "Gjakova KOS"]
[Date "2016.05.17"]
[Round "6.15"]
[White "Saric, Ante"]
[Black "Bartel, Mateusz"]
[Result "0-1"]
[WhiteElo "2594"]
[BlackElo "2653"]
[EventDate "2016.05.12"]
[PlyCount "92"]

1.d4 f5 2.g3 Nf6 3.Bg2 g6 4.Nf3 Bg7 5.O-O O-O 6.b3 Ne4 7.Bb2 d6 8.Nbd2 Nc6
9.Ne1 Ng5 10.f4 Nf7 11.Nc4 e6 12.Qd2 Rb8 13.Rd1 Ne7 14.Nd3 b6 15.Ne3 Bb7 
16.c4 Bxg2 17.Nxg2 Qe8 18.Nf2 d5 19.cxd5 exd5 20.Rc1 Rc8 21.Ba3 Qd7 22.Ne1
Rfe8 23.Nf3 Nc6 24.Rc3 Nxd4 25.Nxd4 c5 26.Rd3 Bxd4 27.Rxd4 cxd4 28.Bb2 d3 
29.Qxd3 d4 30.Bxd4 Qc6 31.e3 Red8 32.a4 Rc7 33.Ra1 Qf3 34.Rf1 Qc6 35.Ra1 
Qd5 36.a5 bxa5 37.Qd2 Rdc8 38.Qd1 Rc2 39.g4 Nd6 40.Bxa7 Qxd1+ 41.Rxd1 Rc1 
42.Rxc1 Rxc1+ 43.Kg2 Rb1 44.gxf5 gxf5 45.Bb6 a4 46.Bc5 Nb7 0-1

[Event "17th EUR-ch"]
[Site "Gjakova KOS"]
[Date "2016.05.17"]
[Round "6.16"]
[White "Kozul, Zdenko"]
[Black "Grandelius, Nils"]
[Result "1/2-1/2"]
[WhiteElo "2591"]
[BlackElo "2649"]
[EventDate "2016.05.12"]
[PlyCount "127"]

1.d4 Nf6 2.c4 e6 3.g3 d5 4.Bg2 Bb4+ 5.Bd2 Be7 6.Nf3 O-O 7.O-O c6 8.Bg5 
Nbd7 9.Qd3 b6 10.cxd5 cxd5 11.Nc3 Bb7 12.e3 Ne4 13.Bxe7 Qxe7 14.Nd2 Nxc3 
15.bxc3 Qa3 16.Rfb1 Rac8 17.Rb3 Qa4 18.Qb1 Nb8 19.Qb2 Qd7 20.a4 Bc6 21.Qa3
Qc7 22.a5 Nd7 23.Bf1 Rb8 24.axb6 axb6 25.Qb4 Ra8 26.Rba3 Rxa3 27.Rxa3 Ra8 
28.Rxa8+ Bxa8 29.Qe7 Bc6 30.Bh3 Qb7 31.Qd8+ Nf8 32.Bf1 Qa7 33.h4 Qa5 34.
Nf3 Bb5 35.Bxb5 Qxb5 36.h5 Qb1+ 37.Kg2 Qe4 38.Qxb6 g5 39.hxg6 Nxg6 40.Qd8+
Kg7 41.Qg5 h6 42.Qh5 f5 43.Qh1 Qc2 44.Qa1 h5 45.Ng5 Kh6 46.Nf7+ Kg7 47.Nd6
h4 48.Qa7+ Kh6 49.Nf7+ Kh5 50.Ne5 Kh6 51.Qf7 Nxe5 52.Qf8+ Kh7 53.Qe7+ Kg8 
54.dxe5 Qe4+ 55.Kg1 Qxe5 56.gxh4 Qg7+ 57.Qxg7+ Kxg7 58.f3 Kg6 59.e4 Kh5 
60.exd5 exd5 61.Kg2 Kxh4 62.Kh2 f4 63.Kg2 Kg5 64.Kh3 1/2-1/2

[Event "17th EUR-ch"]
[Site "Gjakova KOS"]
[Date "2016.05.17"]
[Round "6.17"]
[White "Ipatov, Alexander"]
[Black "Stefansson, Hannes"]
[Result "1-0"]
[WhiteElo "2648"]
[BlackElo "2581"]
[EventDate "2016.05.12"]
[PlyCount "67"]

1.d4 Nf6 2.c4 e6 3.g3 d5 4.Nf3 Be7 5.Bg2 O-O 6.O-O dxc4 7.Qc2 a6 8.a4 Bd7 
9.Qxc4 Bc6 10.Bg5 Bd5 11.Qc2 Be4 12.Qc1 c5 13.dxc5 Nbd7 14.Nbd2 Bc6 15.b4 
a5 16.b5 Bxf3 17.Bxf3 Nxc5 18.Rd1 Nd5 19.Qxc5 Bxc5 20.Bxd8 Rfxd8 21.Nb3 
Bb6 22.Rac1 Kf8 23.Bxd5 exd5 24.e3 g6 25.Kf1 Ke7 26.Nc5 Rab8 27.Ke2 f5 28.
Nd3 d4 29.Ne5 dxe3 30.Nc4 Rxd1 31.Rxd1 Bc5 32.fxe3 b6 33.Rc1 Rc8 34.Nxb6 
1-0

[Event "17th EUR-ch"]
[Site "Gjakova KOS"]
[Date "2016.05.17"]
[Round "6.18"]
[White "Prohaszka, Peter"]
[Black "Zhigalko, Sergei"]
[Result "1/2-1/2"]
[WhiteElo "2593"]
[BlackElo "2647"]
[EventDate "2016.05.12"]
[PlyCount "46"]

1.d4 Nf6 2.Nf3 e6 3.Bf4 d5 4.e3 Bd6 5.Nbd2 Bxf4 6.exf4 O-O 7.Bd3 b6 8.Qe2 
a5 9.O-O Ba6 10.Rfe1 a4 11.Ne5 Bxd3 12.Qxd3 c5 13.f5 exf5 14.Qxf5 a3 15.
bxa3 Rxa3 16.dxc5 bxc5 17.c4 d4 18.Nb3 Qc8 19.Qg5 h6 20.Qc1 Ra4 21.Qc2 Ra3
22.Qc1 Ra4 23.Qc2 Ra3 1/2-1/2

[Event "17th EUR-ch"]
[Site "Gjakova KOS"]
[Date "2016.05.17"]
[Round "6.19"]
[White "Oparin, Grigoriy"]
[Black "Melkumian, Hrant"]
[Result "1/2-1/2"]
[WhiteElo "2575"]
[BlackElo "2646"]
[EventDate "2016.05.12"]
[PlyCount "78"]

1.e4 e5 2.Nf3 Nc6 3.Bb5 a6 4.Ba4 Nf6 5.O-O Be7 6.Bxc6 dxc6 7.d3 Nd7 8.b3 
O-O 9.Bb2 f6 10.Qe2 c5 11.Nh4 Nb8 12.Nf5 Nc6 13.Nxe7+ Qxe7 14.Nc3 Qd6 15.
Qd2 g5 16.Nd5 Be6 17.Ne3 Rad8 18.f3 Rd7 19.Rf2 Ne7 20.Rd1 Ng6 21.Qe1 Rfd8 
22.Rfd2 b5 23.Qf2 h5 24.g3 h4 25.c3 Qe7 26.d4 cxd4 27.cxd4 exd4 28.Rxd4 
Rxd4 29.Rxd4 Rxd4 30.Bxd4 c5 31.Bb2 hxg3 32.hxg3 Ne5 33.Bxe5 fxe5 34.Nd5 
Bxd5 35.exd5 Qd6 36.Qd2 Kf7 37.Qd3 Qg6 38.Qe4 Qxe4 39.fxe4 g4 1/2-1/2

[Event "17th EUR-ch"]
[Site "Gjakova KOS"]
[Date "2016.05.17"]
[Round "6.21"]
[White "Stocek, Jiri"]
[Black "Kravtsiv, Martyn"]
[Result "1/2-1/2"]
[WhiteElo "2531"]
[BlackElo "2641"]
[EventDate "2016.05.12"]
[PlyCount "20"]

1.d4 Nf6 2.c4 e6 3.Nc3 Bb4 4.e3 O-O 5.Bd3 c5 6.Ne2 cxd4 7.exd4 d5 8.cxd5 
exd5 9.O-O Nc6 10.Bg5 Be7 1/2-1/2

[Event "17th EUR-ch"]
[Site "Gjakova KOS"]
[Date "2016.05.17"]
[Round "6.22"]
[White "Romanov, Evgeny"]
[Black "Gagunashvili, Merab"]
[Result "1/2-1/2"]
[WhiteElo "2641"]
[BlackElo "2569"]
[EventDate "2016.05.12"]
[PlyCount "84"]

1.d4 d5 2.Bf4 Nf6 3.e3 e6 4.Nd2 Bd6 5.Bg3 b6 6.Ngf3 Bb7 7.Bd3 O-O 8.c3 c5 
9.Qe2 Ne4 10.Bxd6 Qxd6 11.Bxe4 dxe4 12.Ng5 f5 13.Nc4 Qe7 14.Qh5 h6 15.Nh3 
cxd4 16.exd4 Qc7 17.Ne5 Nd7 18.Nxd7 Qxd7 19.Nf4 Qf7 20.Qg6 Rae8 21.h4 e5 
22.dxe5 Rxe5 23.Qxf7+ Kxf7 24.O-O-O Rfe8 25.h5 e3 26.f3 e2 27.Rd7+ R8e7 
28.Rxe7+ Rxe7 29.Kd2 Ba6 30.b3 Rd7+ 31.Kc2 Kf6 32.a4 Kg5 33.Ne6+ Kf6 34.
Nf4 Kg5 35.Ne6+ Kf6 36.Nd4 f4 37.Kd2 Kg5 38.Ke1 Bd3 39.Ne6+ Kf5 40.Nd4+ 
Kg5 41.Ne6+ Kf5 42.Nd4+ Ke5 1/2-1/2

[Event "17th EUR-ch"]
[Site "Gjakova KOS"]
[Date "2016.05.17"]
[Round "6.23"]
[White "Donchenko, Alexander"]
[Black "Hovhannisyan, Robert"]
[Result "1/2-1/2"]
[WhiteElo "2569"]
[BlackElo "2632"]
[EventDate "2016.05.12"]
[PlyCount "57"]

1.c4 c6 2.Nf3 d5 3.g3 Bg4 4.Bg2 e6 5.cxd5 exd5 6.O-O Nd7 7.d3 Ngf6 8.Nc3 
Bd6 9.h3 Bxf3 10.Bxf3 Qe7 11.Qc2 d4 12.Ne4 Nxe4 13.Bxe4 O-O 14.Rb1 Kh8 15.
b4 f5 16.Bf3 Ne5 17.Bg2 f4 18.Bxf4 Rxf4 19.gxf4 Ng6 20.e3 dxe3 21.fxe3 
Qxe3+ 22.Qf2 Qe7 23.Rbe1 Qf6 24.Re4 Qf5 25.Qe3 Rf8 26.Re8 Bxb4 27.Rxf8+ 
Nxf8 28.Be4 Qa5 29.f5 1/2-1/2

[Event "17th EUR-ch"]
[Site "Gjakova KOS"]
[Date "2016.05.17"]
[Round "6.24"]
[White "Onischuk, Vladimir"]
[Black "Kovalev, Vladislav"]
[Result "1/2-1/2"]
[WhiteElo "2628"]
[BlackElo "2562"]
[EventDate "2016.05.12"]
[PlyCount "81"]

1.e4 e5 2.Nf3 Nc6 3.Bc4 Bc5 4.c3 Nf6 5.d3 a6 6.Bb3 d6 7.h3 Ba7 8.Nbd2 O-O 
9.O-O Be6 10.Bc2 h6 11.Re1 Ne7 12.d4 Ng6 13.Nf1 c5 14.d5 Bd7 15.a4 b5 16.
c4 Bb6 17.Bd2 bxc4 18.a5 Bc7 19.Ne3 Bb5 20.g3 Qd7 21.Nf5 Kh8 22.Kg2 Rae8 
23.Nh2 Bd8 24.Ng4 Ng8 25.Bc3 N6e7 26.Nfe3 f5 27.exf5 Nxf5 28.Nxf5 Rxf5 29.
f4 e4 30.Bxe4 Rxe4 31.Rxe4 Ne7 32.Nxh6 Nxd5 33.Nxf5 Qxf5 34.Re5 dxe5 35.
Qxd5 Bd7 36.Rd1 Bh4 37.gxh4 Qxh3+ 38.Kf2 Qxh4+ 39.Kg1 Qg4+ 40.Kf2 Qh4+ 41.
Kg1 1/2-1/2